Normal view MARC view

Entry Topical Term

Number of records used in: 1

001 - CONTROL NUMBER

  • control field: 1132623

003 - CONTROL NUMBER IDENTIFIER

  • control field: OSt

005 - DATE AND TIME OF LATEST TRANSACTION

  • control field: 20260320111231.0

008 - FIXED-LENGTH DATA ELEMENTS

  • fixed length control field: 260320|| aca||aabn | a|a d

040 ## - CATALOGING SOURCE

  • Original cataloging agency: OSt
  • Transcribing agency: OSt

150 ## - HEADING--TOPICAL TERM

  • Topical term or geographic name entry element: Medicin

670 ## - SOURCE DATA FOUND

  • Source citation: Work cat.: (OSt)1678825: Singh, R. H. 1114264, Body - mind-spirit integrative medicine in ayurveda yoga & nature cure, 2023.
Copyright @ Delhi University Library System